Kamus Inggeris Melayu Dewan . An English-Malay Dictionary

Bibliographic Details
Format: Book
Published: Kuala Lumpur : Dewan Bahasa Dan Pustaka , 1991
Subjects:

MARC

LEADER 00000cam a2200000 7i4500
001 0000005763
002 000006230
005 20000330.0
020 |a 9836222820 
090 0 0 |a 499.23321   |b KAM 
245 0 0 |a Kamus Inggeris Melayu Dewan .   |p An English-Malay Dictionary 
260 |a Kuala Lumpur :   |b Dewan Bahasa Dan Pustaka ,   |c 1991 
300 |a 1943 p. ;   |c 24 cm. 
650 0 0 |a Malay language   |x Dictionaries   |x English language 
999 |a 00280885   |b BUKU   |c RUJUKAN   |e PERPUSTAKAAN KOMUNITI CAW TAMAN MEDAN 
999 |a 00280886   |b BUKU   |c RUJUKAN   |e PERPUSTAKAAN KOMUNITI CAW TAMAN MEDAN 
999 |a 00280887   |b BUKU   |c RUJUKAN   |e PERPUSTAKAAN KOMUNITI CAW TAMAN MEDAN 
999 |a 00280888   |b BUKU   |c RUJUKAN   |e PERPUSTAKAAN KOMUNITI CAW TAMAN MEDAN 
999 |a 00280889   |b BUKU   |c RUJUKAN   |e PERPUSTAKAAN KOMUNITI CAW TAMAN MEDAN 
999 |a 025822   |b BUKU   |c RUJUKAN   |e PERPUSTAKAAN KOMUNITI PETALING JAYA 
999 |a 032993   |b BUKU   |c RUJUKAN   |e PERPUSTAKAAN KOMUNITI PETALING JAYA 
999 |a 032994   |b BUKU   |c RUJUKAN   |e PERPUSTAKAAN KOMUNITI PETALING JAYA